Library Logo

Pioneer International University Library Catalogue

People (Record no. 2342)

MARC details
000 -LEADER
fixed length control field 00246nam a22000977a 4500
005 - DATE AND TIME OF LATEST TRANSACTION
control field 20250901165332.0
008 - FIXED-LENGTH DATA ELEMENTS--GENERAL INFORMATION
fixed length control field 210312b ||||| |||| 00| 0 eng d
050 ## - LIBRARY OF CONGRESS CALL NUMBER
Classification number HF5549 .F3 1990
245 ## - TITLE STATEMENT
Title People
Remainder of title managing your most important asset
942 ## - ADDED ENTRY ELEMENTS (KOHA)
Source of classification or shelving scheme Dewey Decimal Classification
Holdings
Withdrawn status Lost status Source of classification or shelving scheme Damaged status Not for loan Home library Current library Shelving location Date acquired Total checkouts Full call number Barcode Date last seen Price effective from Koha item type
    Library of Congress Classification     Main Library Main Library   03/12/2021   HF5549 .F3 1990 PIU0002866 03/12/2021 03/12/2021 Books